000 00576nam a22001937a 4500
005 20180525143104.0
010 _aENG-123101
020 _a9789382711995
_c399.00
035 _aEN-106633
037 _bDBAD/PUB.
082 _aN
100 _aPapri Sen Sri Raman.
245 _aSong of India /
_cby Papri Sen Sri Raman
260 _a New Delhi
_bVitasta Publishing
_c2017
270 _a2/15, Ansari Road, Dariyaganj,
_b New Delhi
_e110002
_minfo@vitastapublishing.com
300 v _a270p.
_b22cm(Hb)
_cmaps; b and w photos
650 _afiction
942 _2ddc
_cEN
_mRAM
_hN
999 _c152276
_d152276